| 000 | 01031nam0a22002411 4500 | ||
|---|---|---|---|
| 001 | rc\4909303 | ||
| 005 | 20250612203217.0 | ||
| 035 | _a(NLR Aleph) 008836768 | ||
| 090 |
_a8317231 _c8317231 |
||
| 100 | _a20130426d1966 |||y0rusy50 ca | ||
| 101 | 0 | _arus | |
| 102 | _aRU | ||
| 105 | _ay z ||||| | ||
| 200 | 1 |
_aФизико-химические методы исследования вещественных доказательств _e(Материалы теорет. семинара) _f[Отв. ред. канд. техн. наук В.А. Москинов] _gЮрид. комис. при Совете Министров РСФСР. Центр. науч.-исслед. ин-т судебных экспертиз |
|
| 210 |
_aМосква _cБ. и. _d1966 |
||
| 215 |
_a61 с. _d20 |
||
| 333 | _aДля служебного пользования. Экз. № 00002 | ||
| 702 | 1 |
_aМоскинов _bВ.А. _4340 |
|
| 801 | 0 |
_aRU _bNLR _gpsbo |
|
| 801 | 1 |
_aRU _bELAR _2rusmarc |
|
| 852 |
_aNLR _j50К/3160 |
||
| 942 | _cBOOK | ||
| 980 | _aNB | ||